| 000 | 00761nam a22002297a 4500 | ||
|---|---|---|---|
| 999 |
_c33891 _d33891 |
||
| 001 | 3198 | ||
| 003 | CO-MdFUSB | ||
| 005 | 20180622073133.0 | ||
| 008 | 180320s1953 enk||||| |||| 00| 0 eng d | ||
| 040 |
_aCO-MdFUSB _bspa _cCO-MdFUSB _dCO-MdFUSBC _erda |
||
| 041 | 0 | _aeng | |
| 082 | 0 | 4 | _aG 227.4 L9731s |
| 100 | 1 |
_aLutero, Martín (1483-1546) _eautor |
|
| 245 | 1 | 2 |
_aA Commentary on St. Paul's Epistle to the Galatians _b: Based on lectures delivered _c/ Martin Luther |
| 264 | 4 |
_aLondon, Great Britain : _bJames Clarke (ver J. Clarke), _c[1953] |
|
| 300 |
_a567 Pag _b: _c; |
||
| 336 |
_2rdacontent _atexto _btxt |
||
| 337 |
_2rdamedia _asin mediación _bn |
||
| 338 |
_2rdacarrier _avolumen _bnc |
||
| 653 | _aBiblia N.T. - Gálatas - Comentarios | ||
| 942 | _cBK | ||